LEADER 01791nam0 22003733i 450 001 VAN0241600 005 20220509092351.210 017 70$2N$a9783319119069 100 $a20220228d2015 |0itac50 ba 101 $aeng 102 $aCH 105 $a|||| ||||| 200 1 $aCO2 Sequestration, Biofuels and Depollution$feditors Eric Lichtfouse, Jan Schwarzbauer, Didier Robert 210 $aCham$cSpringer$d2015 215 $aXIII, 388 p.$cill.$d24 cm 410 1$1001VAN0237443$12001 $aEnvironmental Chemistry for a Sustainable World$1210 $aCham, Singapore$cSpringer$d2012-$v5 620 $aCH$dCham$3VANL001889 676 $a632.1$cDanni causati da fattori ambientali. Cambiamenti climatici$v22 676 $a660.6$cBiotecnologia. Microbiologia applicata$v22 676 $a577.14$cChimica ambientale$v22 676 $a628$cIngegneria ambientale. Sostenibilità dell'ambiente$v22 676 $a333.794$cRisorse di energia rinnovabili$v22 702 1$aLichtfouse$bEric$3VANV194555 702 1$aRobert$bDidier$3VANV197663 702 1$aSchwarzbauer$bJan$3VANV195865 712 $aSpringer $3VANV108073$4650 801 $aIT$bSOL$c20240614$gRICA 856 4 $uhttps://rd.springer.com/book/10.1007/978-3-319-11906-9$zE-book - Accesso al full-text attraverso riconoscimento IP di Ateneo, proxy e/o Shibboleth 899 $aBIBLIOTECA DEL DIPARTIMENTO DI SCIENZE E TECNOLOGIE AMBIENTALI BIOLOGICHE E FARMACEUTICHE$1IT-CE0101$2VAN17 912 $fN 912 $aVAN0241600 950 $aBIBLIOTECA DEL DIPARTIMENTO DI SCIENZE E TECNOLOGIE AMBIENTALI BIOLOGICHE E FARMACEUTICHE$d17CONS e-book 2219 $e17BIB2219/5 5 20220228 996 $aCO2 Sequestration, Biofuels and Depollution$92268938 997 $aUNICAMPANIA LEADER 02249nam2 22004213i 450 001 VAN0274754 005 20240619123327.934 017 70$2N$a9783030573485 100 $a20240411d2021 |0itac50 ba 101 $aeng 102 $aCH 105 $a|||| ||||| 200 1 $aˆ3.: ‰First-Order and Time-Dependent PDEs$fAlexandre Ern, Jean-Luc Guermond 210 $aCham$cSpringer$d2021 215 $aviii, 417 p.$cill.$d24 cm 410 1$1001VAN0033353$12001 $aTexts in applied mathematics$1210 $aNew York [etc.]$cSpringer$v74 461 1$1001VAN0274749$12001 $aFinite Elements$fAlexandre Ern, Jean-Luc Guermond$1210 $aCham$cSpringer$d2021$1215 $a3 volumi$cill.$d24 cm$v3 606 $a35-XX$xPartial differential equations [MSC 2020]$3VANC019763$2MF 606 $a65-XX$xNumerical analysis [MSC 2020]$3VANC019772$2MF 606 $a65N30$xFinite elements, Rayleigh-Ritz and Galerkin methods, finite methods for boundary value problems involving PDEs [MSC 2020]$3VANC021532$2MF 606 $a35Qxx$xPartial differential equations of mathematical physics and other areas of application [MSC 2020]$3VANC022881$2MF 606 $a65M60$xFinite element, Rayleigh-Ritz and Galerkin methods for initial value and initial-boundary value problems involving PDEs [MSC 2020]$3VANC029157$2MF 610 $aElliptic Partial Differential Equations$9KW:K 610 $aFinite element methods$9KW:K 610 $aFunctional Analysis$9KW:K 610 $aPartial differential equations$9KW:K 620 $aCH$dCham$3VANL001889 700 1$aErn$bAlexandre$3VANV037043$053623 701 1$aGuermond$bJean-Luc$3VANV037044$0495925 712 $aSpringer $3VANV108073$4650 801 $aIT$bSOL$c20240621$gRICA 856 4 $uhttps://doi.org/10.1007/978-3-030-57348-5$zE-book ? Accesso al full-text attraverso riconoscimento IP di Ateneo, proxy e/o Shibboleth 899 $aBIBLIOTECA DEL DIPARTIMENTO DI MATEMATICA E FISICA$1IT-CE0120$2VAN08 912 $fN 912 $aVAN0274754 950 $aBIBLIOTECA DEL DIPARTIMENTO DI MATEMATICA E FISICA$d08CONS e-book 8230 $e08eMF8230 20240430 996 $aFirst-Order and Time-Dependent PDEs$94148909 997 $aUNICAMPANIA